Digitális marketing eszközök és hatásuk A közösségi média jelentősége a fodrászati szolgáltatások népszerűsítése területén

Bibliographic Details
Main Author: Torma Réka Dóra
Other Authors: Sarkadi Katalin
Format: Thesis
Kulcsszavak:business marketing
e-marketing - elektronikus marketing
jóléti szolgáltatás(ok)
online reklám
reklámeszközök
Online Access:http://dolgozattar.uni-bge.hu/60094

MARC

LEADER 00000nta a2200000 i 4500
001 dolg60094
005 20260409150000.0
008 260409suuuu hu om 000 hun d
040 |a BGE Dolgozattár Repozitórium  |b hun 
041 |a hu 
100 1 |a Torma Réka Dóra 
245 1 0 |a Digitális marketing eszközök és hatásuk  |b A közösségi média jelentősége a fodrászati szolgáltatások népszerűsítése területén  |c Torma Réka Dóra  |h [elektronikus dokumentum] 
520 3 |a A kutatási folyamat során két egymást kiegészítő módszert alkalmaztam a minélárnyaltabb kép megrajzolása érdekében. Egyrészt egy kérdőíves felmérést végeztem afodrászati szolgáltatásokat rendszeresen vagy alkalmanként igénybe vevő ügyfelek körében.Ennek a felmérésnek a célja az volt, hogy feltérképezzem a válaszadók közösségi médiafogyasztási szokásait, mely platformokat preferálják, és hogy ezek a platformok milyenmértékben befolyásolják a fodrászszalon kiválasztására vonatkozó döntéseiket. Másrésztmélyinterjúkat készítettem különböző méretű fodrászszalonok képviselőivel vezetőkkel ésmarketingért felelős szakemberekkel. Ezek az interjúk lehetővé tették, hogy közvetlenbetekintést nyerjek a vállalkozások tényleges közösségi média stratégiáiba, a napi működéssorán felmerülő kihívásokba, a bevált legjobb gyakorlatokba és a jövőbeli terveikbe.A kutatás során kiemelt figyelmet fordítottam a közösségi médiamarketingtevékenységének hatékonyságmérésére is. Vizsgáltam, hogy a fodrászszalonokmilyen mérőszámokat és analitikai eszközöket használnak kampányaik sikerességének nyomonkövetésére. Emellett feltártam azokat a jelentős kihívásokat is, amelyekkel afodrászszalonoknak szembe kell nézniük a dinamikusan változó digitális térben, beleértve azalgoritmusok változásait, a tartalomgyártás nehézségeit és a zajos online környezetben valókitűnés problémáját. 
695 |a business marketing 
695 |a e-marketing - elektronikus marketing 
695 |a jóléti szolgáltatás(ok) 
695 |a online reklám 
695 |a reklámeszközök 
700 1 |a Sarkadi Katalin  |e ths 
856 4 0 |u http://dolgozattar.uni-bge.hu/60094/1/TormaReka_szakdolgozat%20.pdf  |z Dokumentum-elérés 
856 4 0 |u http://dolgozattar.uni-bge.hu/60094/2/BA%20KM%20magyar%20b%C3%ADr%C3%A1lati%20lap%20K%C3%9CLS%C5%90_Torma%20R%C3%A9ka%20D%C3%B3ra.pdf  |z Dokumentum-elérés 
856 4 0 |u http://dolgozattar.uni-bge.hu/60094/3/BA%20KM%20magyar%20bi%CC%81ra%CC%81lati%20lap%20BELSO%CC%8B_Torma_Re%CC%81ka_SarkadiKatalin_2025_05_26.pdf  |z Dokumentum-elérés